=LDR 00000nam 2200000 4500 =001 INLIS000000000004014 =005 20130612092313 =008 ***********************************Ind** =035 ##$$0010-061300000004014 =041 ##$$a Ind =082 ##$$a 808.1 =090 ##$$a 808.1, Suk l =100 ##$$a Sukirnanto, Slamet =245 ##$$a Luka bunga, kumpulan sajak-sajak 1969-1987, oleh Slamet Sukirnanto =260 ##$$a 1991 $b Jakarta =300 ##$$a 108 hlm., 21 cm =650 ##$$a Sajak =650 ##$$a Kumpulan =850 ##$$a NBPNMAT